000 01473nam a2200325 i 4500
003 EG-GICUC
005 20260210010901.0
008 260210s1986 ua ||||fr|||| 00| 0 ara d
017 _a1985/5727
040 _a EG-GICUC
_bara
_c EG-GICUC
_d EG-GICUC
_erda
041 0 _aara
082 0 4 _a343.421
_bم ع . ج
_221
092 0 4 _221
099 _aLaw1 10 343.421 م ع . ج 1986 1006569
100 0 _aمعوض عبد التواب
_eمؤلف.
245 1 0 _aجرائم المخدرات :
_bأحدث الأحكام التي أصدرتها محكمة النقض والدستورية العليا بشأن جرائم المخدرات وحتى يونيو سنة 1985 قانون المخدرات رقم 182 لسنة 1960 المعدل بالقانون رقم 45 لسنة 1984 /
_cمعوض عبد التواب.
264 1 _aالإسكندرية :
_bمنشأة المعارف،
_c1986.
300 _a397 صفحة ؛
_c24 سم.
_bإيضاحيات، صور، مثيليات ؛
336 _2rda content
_atext
337 _2rda media
_aComputer
338 _2rda carrier
_aOnline Resource
504 _aيشتمل على ارجاعات ببليوجرافية.
546 _aالنص باللغة العربية
650 1 4 _a التشريعات المتعلقة بالمخدرات
_2qrmak
650 1 4 _aالقانون الجنائي
_2qrmak
651 1 _2qrmak
856 4 0 _uhttps://fll.law.cu.edu.eg/fulltext/bks/B10-06569.pdf
905 _a18
942 _2ddc
_n0
_cBK
_e21
999 _c62226
_d62226